Southville International School and Colleges
Your cart is empty.
  • Cart
  • Lists
    Public lists Eva Luna New books Lux_list list_1
    Your lists Log in to create your own lists
  • Log in to your account
  • Your cookies
  • Search history
Southville International School and Colleges
  • Advanced search
  • Recent comments
  • Most popular
  • Libraries

Log in to your account

Log in with GOOGLE


If you do not have an external account, but do have a local account, you can still log in:

  1. Home
  2. MARC view: Nursting student perceptions of spirituality ans spiritual care /
Normal view MARC view ISBD view

Nursting student perceptions of spirituality ans spiritual care / (Record no. 121406)

[ view plain ]
MARC details
000 -LEADER
fixed length control field 00517nam a2200181Ia 4500
008 - FIXED-LENGTH DATA ELEMENTS--GENERAL INFORMATION
fixed length control field 140626s9999 xx 000 0 und d
100 ## - MAIN ENTRY--PERSONAL NAME
Personal name Wu, Li-Fen.
245 ## - TITLE STATEMENT
Title Nursting student perceptions of spirituality ans spiritual care /
Statement of responsibility, etc Li-Fen Wu ... [et al.].
260 ## - PUBLICATION, DISTRIBUTION, ETC. (IMPRINT)
Date of publication, distribution, etc c2013.
300 ## - PHYSICAL DESCRIPTION
Extent 21 : 3, page 219
440 ## - SERIES STATEMENT/ADDED ENTRY--TITLE
Title The Journal of Nursing Research (JNR)
521 ## - TARGET AUDIENCE NOTE
Target audience note
650 ## - SUBJECT ADDED ENTRY--TOPICAL TERM
Topical term or geographic name as entry element Nursing student.
650 ## - SUBJECT ADDED ENTRY--TOPICAL TERM
Topical term or geographic name as entry element Perception.
650 ## - SUBJECT ADDED ENTRY--TOPICAL TERM
Topical term or geographic name as entry element Spiritual care.
650 ## - SUBJECT ADDED ENTRY--TOPICAL TERM
Topical term or geographic name as entry element Spirituality.
942 ## - ADDED ENTRY ELEMENTS (KOHA)
Koha item type Periodicals
Holdings
Withdrawn status Lost status Damaged status Home library Current library Shelving location Date acquired Total Checkouts Barcode Date last seen Price effective from Koha item type
      College Library College Library Periodical Section 06/26/2014   S0514 06/26/2014 06/26/2014 Periodicals

Nursting student perceptions of spirituality ans spiritual care /

APA

Wu L., . (2013). Nursting student perceptions of spirituality ans spiritual care. : .

Chicago

Wu Li-Fen, . 2013. Nursting student perceptions of spirituality ans spiritual care. : .

Harvard

Wu L., . (2013). Nursting student perceptions of spirituality ans spiritual care. : .

MLA

Wu Li-Fen, . Nursting student perceptions of spirituality ans spiritual care. : . 2013.

  • Place hold
  • Print
  • Cite
  • Add to your cart (remove)
  • Save record
    BIBTEX Dublin Core MARCXML MARC (non-Unicode/MARC-8) MARC (Unicode/UTF-8) MARC (Unicode/UTF-8, Standard) MODS (XML) RIS
  • More searches
    Search for this title in:
    Other Libraries (WorldCat) Other Databases (Google Scholar) Online Stores (Bookfinder.com) Open Library (openlibrary.org)

Exporting to Dublin Core...

SOUTHVILLE LIBRARY

Southville International School and Colleges Library

1281 Tropical Ave. Cor. Luxembourg St., BF Homes International, Las Pinas City

Tel. No. 8256374 / 252358 Loc. 117/146

Powered by Koha